UBT Library

CLINICAL DERMATOLOGY (Record no. 7481)

000 -LEADER
fixed length control field 00286nam a22001337a 4500
008 - FIXED-LENGTH DATA ELEMENTS--GENERAL INFORMATION
fixed length control field 170310b xxu||||| |||| 00| 0 eng d
020 ## - INTERNATIONAL STANDARD BOOK NUMBER
International Standard Book Number 9780071599757
041 ## - LANGUAGE CODE
Language code of text/sound track or separate title eng
080 ## - UNIVERSAL DECIMAL CLASSIFICATION NUMBER
Universal Decimal Classification number 616.5
100 ## - Rafti
Rafti 7
101 ## - Shkurtesa
Shkurtesa SHM
245 ## - TITLE STATEMENT
Title CLINICAL DERMATOLOGY
Statement of responsibility, etc WOLFF.K
942 ## - ADDED ENTRY ELEMENTS (KOHA)
Source of classification or shelving scheme
Item type Books

No items available.

UBT Library © 2015-2024. All rights reserved University Education for Business and Technology